000 00297nam a2200109Ia 4500
008 171211s9999 xx 000 0 und d
245 _aCharles Darwin's Looking Glass
245 _cDominika Oramus
260 _c2015
650 _xCULTURE
856 _uhttp://down.ebook777.com/063/9783631658703.pdf
999 _c347779
_d347779